000 00287nam a2200109Ia 4500
008 210430s9999 xx 000 0 und d
020 _a9788186732519
082 _a667.2 E359T
245 _aTechnology of Synthetic Dyes, Pigments & Intermediates
300 _a605p.
942 _cREF
_2ddc
999 _c565759
_d565759